000 00327nam a22001337a 4500
008 250303b |||||||| |||| 00| 0 eng d
020 _a9783030273842
050 _aQP187
_b.I46
100 _aIlie Joana R
245 _aIntroduction to Endocrinology
260 _aSwitzerland
_bSpringer
_c2020
300 _axvi,250p
942 _cBK
999 _c2049
_d2049